000 01998nam a22003377a 4500
005 20120326143637.0
010 _aENG-104885 B-490259-262
020 _a9788120344914
_c795.00
035 _aEN-88418 B-490259-262
037 _bDBAD/PUB
037 _bPrabhat Prakashan/Ven
082 _a004.682
245 _aMicrosoft SharePoint Foundation 2010 inside out /
_cby Errin O’Connor ... [et al]
246 _aSharePoint Foundation 2010 inside out
246 _aMicrosoft Share Point Foundation 2010 inside out
260 _aNew Delhi
_bPHI Learning
_c2012
270 _aM-97, Connaught Circus
_bNew Delhi
_e110001
300 _axxiv, 760 p. :
_c24cm(pbk)
_bill.
490 _aInside out
_955127
500 _aIncludes index
500 _a"Includes downloadable e-book"--P. [1] of cover.
650 _aIntranets (Computer networks)
_955128
650 _aWeb servers.
_955129
942 _2ddc
_cEN
_h004.682
_mMIC
999 _c64389
_d64389